| 000 | 01424nam a22002417a 4500 | ||
|---|---|---|---|
| 999 |
_c16871 _d16871 |
||
| 005 | 20251125232849.0 | ||
| 008 | s2537 th tha d | ||
| 020 | _a9748907643 | ||
| 040 | _aNALT | ||
| 041 | _atha | ||
| 245 | 1 | 0 | _aนิติบัญญัติ ฉบับที่ 4 : พระราชบัญญัติจังหวัดสระแก้ว พ.ศ. 2536 พระราชบัญญัติตั้งจังหวัดอำนาจเจริญ พ.ศ. 2536 พระราชบัญญัติตั้งจังหวัดหนองบัวลำภู พ.ศ. 2536 |
| 260 | 3 |
_aกรุงเทพฯ _c2537 |
|
| 300 |
_a305 หน้า : _b ตาราง, แผนที่ ; _c 30 ซม. |
||
| 650 | 0 | 4 | _aนิติบัญญัติ่ -- ฉบับที่ 4 |
| 650 | 0 | 4 | _aสระแก้ว -- การจัดตั้งจังหวัด (พ.ร.บ.) -- 2536 |
| 650 | 0 | 4 | _aหนองบัวลำภู -- การจัดตั้งจังหวัด (พ.ร.บ.) -- 2536 |
| 650 | 0 | 4 | _aอำนาจเจริญ -- การจัดตั้งจังหวัด (พ.ร.บ.) -- 2536 |
| 850 | _aNALT | ||
| 856 | 4 | 0 | _uhttps://hdl.handle.net/20.500.14156/465437 |
| 942 |
_cLB _2lcc |
||
| 998 |
_j25 _k นีลวัสน์ อินทรักษา |
||
| 090 | _aKE92.1 ว872น 2536 | ||